00692nam a22002057a 450000500170000000800410001704000090005804100080006708200210007510000190009624500210011526000830013630000290021936500210024852001050026965000350037465000300040965000260043970000210046520220708145459.0220708b ||||| |||| 00| 0 eng d cAloy aeng 223a327.54bGUPD aVijay Gupta Ed aDhanyavaad India aNew Delhi:bThe High Commission of the Republic of South Africa in Indiac1946 aviii,131p.bHBc28x22cm. 2Poltical Science aA tribute to the heroes and heroines of India who supported the liberations struggle of South Africa aSouth African Leaders in India aAfrican National Congress aIndian Youth Congress aGUPTA (Vijay) Ed